| 000 | 00359 a2200145 4500 | ||
|---|---|---|---|
| 005 | 20250514123317.0 | ||
| 008 | 250514b |||||||| |||| 00| 0 eng d | ||
| 020 | _a9780241539590 | ||
| 041 | _aEnglish | ||
| 100 |
_aNafousi R. _9211112 |
||
| 245 |
_aManifest _b: 7 Steps To Living Your Best Life |
||
| 260 |
_bPenguin _c2022 |
||
| 300 | _a184 | ||
| 942 | _cBK | ||
| 999 |
_c364826 _d364826 |
||